000 00604nam a22001937a 4500
003 OSt
005 20140310182949.0
008 130206t xxu||||| |||| 00| 0 eng d
020 _a9710851233
050 _aKPM 880
_b.N793 2001
100 _aNolledo, Jose N.
245 _aThe negotiable instruments law :
_cJose N. Nolledo.
_bwith warehouse receipts act annotated and law on documents of title annotated /
260 _aManila :
_bEmiluz Printing Industries,
_c2001.
300 _a291 p. :
_c22 cm.
521 _aBSBA
650 _aNegotiable instruments
942 _2lcc
_cBK
_kLOC
999 _c17862
_d17862